| 000 | 00689nam a2200229 i 4500 | ||
|---|---|---|---|
| 001 | 14765 | ||
| 003 | ES-MaACL | ||
| 005 | 20230906150901.0 | ||
| 007 | t| | ||
| 008 | 990601s1971 sp ||||1| spa d | ||
| 080 | _a821.134.2-14"19" | ||
| 100 | 1 |
_aMendizábal, Federico de. _980208 |
|
| 245 | 1 | 0 |
_aAcordes españoles / _cFederico de Mendizábal ; comentario de Alfredo S. de Ynestrillas. |
| 250 | _a2ª ed. | ||
| 260 |
_aMadrid : _bEl autor, _c[1971] |
||
| 300 |
_a159 p. ; _c17 cm. |
||
| 490 | 1 | _aColección Hispania | |
| 700 | 1 |
_aSainz de Ynestrillas, Alfredo. _9101596 |
|
| 830 | 0 |
_aColección Hispania _9179663 |
|
| 852 |
_aES-MaACL _jL-21872 _bR.118127 |
||
| 999 |
_c14765 _d14765 |
||